[Event "Nezhmetdinov Memorial 35th"]
[Site "Kazan"]
[Date "2013.05.31"]
[Round "1"]
[White "Kryakvin, Dmitry"]
[Black "Shayan, Sabri Mohmood"]
[Result "1-0"]
[WhiteElo "2576"]
[BlackElo "2160"]
[PlyCount "69"]
[EventDate "2013.05.31"]
[EventType "swiss"]
[EventRounds "9"]
[EventCountry "RUS"]
[SourceTitle "CBM 154 Extra"]
[Source "ChessBase"]
[SourceDate "2013.06.25"]
[SourceVersion "2"]
[SourceVersionDate "2013.06.25"]
[SourceQuality "1"]

1. e4 c5 2. Nf3 Nc6 3. d4 cxd4 4. Nxd4 e5 5. Nb5 a6 6. Nd6+ Bxd6 7. Qxd6 Qf6 8. Qd2 Nge7 9. c4 Qg6 10. f3 Nd4 11. b3 0-0 12. Bb2 Nec6 13. Bd3 d6 14. 0-0 f5 15. Nc3 fxe4 16. Bxe4 Bf5 17. Kh1 Rac8 18. Rac1 Kh8 19. Ba3 b5 20. Bxf5 Rxf5 21. Ne4 Rd8 22. Rf2 bxc4 23. bxc4 h6 24. Qd3 Rf7 25. Rb1 a5 26. h3 Rfd7 27. Rb6 d5 28. cxd5 Nb4 29. Qxd4 Qf5 30. Qc4 Nxd5 31. Rd6 Ne3 32. Qe2 Nd5 33. Rxd7 Rxd7 34. Bc1 Nb4 35. Rf1 1-0

[Event "Moscow Govrnor Cup-A rapid KO"]
[Site "Moscow"]
[Date "2013.02.23"]
[Round "1.1"]
[White "Dragomarezkij, Evgeni"]
[Black "Shayan, Sabri Mohmood"]
[Result "1-0"]
[WhiteElo "2363"]
[BlackElo "2164"]
[PlyCount "69"]
[EventDate "2013.02.23"]
[EventType "k.o. (rapid)"]
[EventRounds "4"]
[EventCountry "RUS"]
[SourceTitle "CBM 153 Extra"]
[Source "ChessBase"]
[SourceDate "2013.04.22"]
[SourceVersion "1"]
[SourceVersionDate "2013.04.22"]
[SourceQuality "1"]

1. c4 e5 2. Nf3 Nc6 3. d4 exd4 4. Nxd4 Bb4+ 5. Bd2 Bc5 6. Nc2 Qf6 7. e3 Nge7 8. Nc3 Qg6 9. Na4 b6 10. Nxc5 bxc5 11. Bc3 0-0 12. Qd3 f5 13. h4 d6 14. h5 Qh6 15. Be2 Be6 16. f4 Rab8 17. Bf3 a5 18. a3 Rfe8 19. 0-0-0 a4 20. Rhg1 Rb3 21. Na1 Rbb8 22. g4 g6 23. g5 Qf8 24. Rh1 Qf7 25. hxg6 Nxg6 26. Bxc6 Re7 27. Bd5 Bxd5 28. cxd5 c4 29. Qd4 Re4 30. Qa7 Rbe8 31. Nc2 Qe7 32. Qxa4 Rf8 33. Rh6 Qf7 34. Qc6 Rfe8 35. Rdh1 1-0

[Event "IRQ CupT"]
[Site "Duhok"]
[Date "2012.09.21"]
[Round "3.1"]
[White "Al Khattab, Ghassan M Ali Ajmed"]
[Black "Shayan, Sabri Mohmood"]
[Result "1-0"]
[WhiteElo "2141"]
[BlackElo "2108"]
[PlyCount "131"]
[EventDate "2012.09.20"]
[EventType "team-tourn"]
[EventRounds "7"]
[EventCountry "IRQ"]
[SourceTitle "EXT 2013"]
[Source "ChessBase"]
[SourceDate "2012.11.22"]
[SourceVersion "1"]
[SourceVersionDate "2012.11.22"]
[SourceQuality "1"]

1. e4 e5 2. Nf3 Nc6 3. Bb5 a6 4. Ba4 Nf6 5. 0-0 Be7 6. Re1 b5 7. Bb3 0-0 8. a4 Bb7 9. c3 d6 10. d4 Re8 11. Nbd2 Bf8 12. Bc2 exd4 13. Nxd4 Nxd4 14. cxd4 c5 15. d5 g6 16. Ra3 Bg7 17. Rb3 Qd7 18. Rf3 Re7 19. Nf1 Qe8 20. Bg5 Nd7 21. Bxe7 Qxe7 22. b3 Bd4 23. Ne3 Ne5 24. Rg3 Kh8 25. Qe2 bxa4 26. bxa4 a5 27. Bd3 Nxd3 28. Qxd3 Ba6 29. Qc2 Re8 30. Nc4 Rb8 31. Rb3 Rxb3 32. Qxb3 Qf6 33. Ne3 Kg7 34. h3 h5 35. Qc2 Qf4 36. Nf1 g5 37. Qd2 Qf6 38. Ne3 Bc3 39. Nf5+ Kg6 40. Qc1 Bxe1 41. Qxe1 Bd3 42. f3 c4 43. Qxa5 c3 44. Qa8 Kh7 45. Ne3 Qd4 46. Kf2 c2 47. Qc8 Qb2 48. Nxc2 Qxc2+ 49. Qxc2 Bxc2 50. a5 Bd3 51. Ke3 Ba6 52. e5 Kg7 53. exd6 Kf8 54. Ke4 Ke8 55. Kf5 Kd7 56. Kxg5 Kxd6 57. Kf6 Kxd5 58. Kxf7 Bd3 59. Kf6 Bf1 60. g4 h4 61. g5 Bxh3 62. g6 Be6 63. a6 Kc6 64. Kxe6 h3 65. a7 Kb7 66. a8Q+ 1-0

[Event "Sulaymaniyah-ch"]
[Site "Sulaymaniyah"]
[Date "2012.06.24"]
[Round "8"]
[White "Shayan, Sabri Mohmood"]
[Black "Rawand, Hamid Abdullah"]
[Result "0-1"]
[WhiteElo "2109"]
[BlackElo "1927"]
[PlyCount "86"]
[EventDate "2012.06.23"]
[EventType "tourn"]
[EventRounds "9"]
[EventCountry "IRQ"]
[SourceTitle "EXT 2013"]
[Source "ChessBase"]
[SourceDate "2012.11.22"]
[SourceVersion "1"]
[SourceVersionDate "2012.11.22"]
[SourceQuality "1"]

1. d4 d5 2. c4 c6 3. Nc3 e6 4. Nf3 Nf6 5. Bg5 Be7 6. e3 Nbd7 7. Rc1 0-0 8. Bd3 dxc4 9. Bxc4 b5 10. Bd3 Bb7 11. 0-0 a6 12. Bxf6 Nxf6 13. Ne4 Nxe4 14. Bxe4 Rc8 15. Ne5 Qd6 16. Qf3 Bf6 17. Nd3 a5 18. Rc5 Bxd4 19. Bxh7+ Kxh7 20. Rh5+ Kg8 21. exd4 g6 22. Rh4 Kg7 23. Nc5 Qe7 24. Qg3 Rce8 25. Re1 Bc8 26. Rg4 Rh8 27. Rg5 Rd8 28. Qd3 Qd6 29. Rd1 f6 30. Rg3 Qxc5 31. Qe4 Qh5 32. f3 Qxh2+ 33. Kf2 Qh5 34. Qxc6 a4 35. Qc7+ Rd7 36. Qc6 Qd5 37. Qc2 Qf5 38. Qc6 Rhd8 39. Rg4 Bb7 40. Qc1 Rc8 41. Qe3 Rc2+ 42. Kg3 Rxg2+ 43. Kh3 Qxf3+ 0-1

[Event "Asia Clubs 1st"]
[Site "Al Ain"]
[Date "2008.12.28"]
[Round "4"]
[White "Shayan, Sabri Mohmood"]
[Black "Al Housa, Khalil"]
[Result "1-0"]
[WhiteElo "2100"]
[BlackElo "2027"]
[PlyCount "61"]
[EventDate "2008.12.25"]
[EventType "team"]
[EventRounds "7"]
[EventCountry "UAE"]
[SourceTitle "CBM 127 Extra"]
[Source "ChessBase"]
[SourceDate "2009.01.08"]
[SourceVersion "2"]
[SourceVersionDate "2009.01.28"]
[SourceQuality "1"]

1. d4 d5 2. c4 e6 3. Nc3 Nf6 4. Bg5 Be7 5. e3 c6 6. cxd5 exd5 7. Qc2 Bg4 8. Nge2 Nbd7 9. Nf4 h6 10. Bxf6 Nxf6 11. Bd3 g5 12. Nfe2 Bd6 13. f3 Be6 14. e4 dxe4 15. fxe4 Ng4 16. e5 Bb4 17. Qd2 h5 18. Bc2 Qe7 19. h3 Nh6 20. 0-0-0 Bxa2 21. Qd3 Be6 22. d5 0-0-0 23. Qc4 Bxc3 24. Nxc3 Bd7 25. Be4 Kb8 26. dxc6 Rc8 27. c7+ Ka8 28. Kb1 Bf5 29. Nd5 Qxe5 30. Nb6+ axb6 31. Qa6# 1-0